00578nam a2200121Ia 4500008004100000020001800041245006000059260002200119440002500141650002200166650022700188856004100415171212s9999 xx 000 0 und d a9781760461195 ceditor Golley, Jane;Jaivin, Linda;Tomba, LuigiaControl bANU E Pressc2017 aChina Story Yearbook aPolitical Science aZhongguo gong chan dang -- Discipline; China -- Environment policy -- 21st century; China -- Social conditions -- 21st century; China -- Economic conditions -- 21st century; China -- Politics and government -- 21st century uhttp://jstor.org/stable/j.ctt1sq5tvf